000 00625nam a2200217 a 4500
999 _c3205
_d3205
001 3205
003 BD-JhCC
005 20171111192749.0
008 171111s1985 bg |||| ||a| 000 0 ben d
035 _a(BD-JhCC)3205
040 _aBD-JhCC
_dBD-JhCC
041 _aben
082 _a391.2
_bSHA 1985
100 _aশাহেদ, হোসনে আরা
245 _aশাড়ি /
_cহোসনে আরা শাহেদ,
260 _aঢাকা :
_bবাংলা একাডেমী,
_c1985
300 _a115 p. :
_c18 cm.
650 _aSaree
_xThe Women's Dress
942 _2ddc
_cBK